000 00296nam a22001337a 4500
008 181219b xxu||||| |||| 00| 0 eng d
020 _a9780070204966
041 _aeng
080 _a330.101.541
100 _a52
101 _aMAK
245 _aMacroeconomics
_cLandsburg,S.E
942 _2udc
_cBK
999 _c53496
_d53496